| 000 | 00432nam a22001697a 4500 | ||
|---|---|---|---|
| 005 | 20240116121855.0 | ||
| 008 | 190910b xxu||||| |||| 00| 0 eng d | ||
| 020 | _a978-81-8531-76-6 | ||
| 041 | _aeng | ||
| 082 |
_a610 _bKUL-H |
||
| 100 | _aKULKARNI S.K | ||
| 245 | _aHANDBOOK OF EXPERIMENTAL PHARMACOLOGY | ||
| 260 |
_aDELHI _bVALLABH PRAKASHAN _c2012 |
||
| 300 | _a279p, | ||
| 650 |
_aPHARMACY _xB.PHARMA & D.PHARMA |
||
| 942 | _cBK | ||
| 999 |
_c5970 _d5968 |
||